Đô thị học Những khái niệm mở đầu
Cung cấp những khái niệm mở đầu của đô thị học như: Đô thị, Đô thị hóa, Đô thị học, Lối quy hoạch, Nhà quy hoạch.; KR055 Quy hoạch đô thị; KR101 Quy hoạch vùng và điểm dân cư nông thôn
Bewaard in:
| Hoofdauteur: | |
|---|---|
| Formaat: | Boek |
| Taal: | Undetermined |
| Gepubliceerd in: |
H.
Xây dựng
2011
|
| Onderwerpen: | |
| Online toegang: | http://lrc.tdmu.edu.vn/opac/search/detail.asp?aID=2&ID=16241 |
| Tags: |
Voeg label toe
Geen labels, Wees de eerste die dit record labelt!
|
| Thư viện lưu trữ: | Trung tâm Học liệu Trường Đại học Thủ Dầu Một |
|---|
| LEADER | 00922nam a2200217Ia 4500 | ||
|---|---|---|---|
| 001 | TDMU_16241 | ||
| 008 | 210410s9999 xx 000 0 und d | ||
| 082 | |a 307.76 | ||
| 090 | |b TR561 | ||
| 100 | |a Trương, Quang Thao | ||
| 245 | 0 | |a Đô thị học | |
| 245 | 0 | |b Những khái niệm mở đầu | |
| 245 | 0 | |c Trương Quang Thao | |
| 260 | |a H. | ||
| 260 | |b Xây dựng | ||
| 260 | |c 2011 | ||
| 300 | |a 402 tr. | ||
| 520 | |a Cung cấp những khái niệm mở đầu của đô thị học như: Đô thị, Đô thị hóa, Đô thị học, Lối quy hoạch, Nhà quy hoạch.; KR055 Quy hoạch đô thị; KR101 Quy hoạch vùng và điểm dân cư nông thôn | ||
| 650 | |a Đô thị hóa; Đô thị học | ||
| 856 | |u http://lrc.tdmu.edu.vn/opac/search/detail.asp?aID=2&ID=16241 | ||
| 980 | |a Trung tâm Học liệu Trường Đại học Thủ Dầu Một | ||